000 00530ntaaa2200181 4500
003 01
005 20251027201147.0
008 0714s1973 ag 01
040 _aAR-BaBN
_bspa
_cAR-BaBN
_eaacr
_dRIC
082 _a266.009 C82t
100 _aCostas, Orlando E.
_91392
245 _aTheology of the crossroads in contemporary Latin America; missiology in mainline Protestantism, 1969-1974. /
_cOrlando E. Costas
250 _a1 ed.
260 _aAmsterdam :
_bRodopi,
_c1976
300 _a413 p.
650 _aMisiones
942 _cBK
999 _c5886
_d5886